[Event "ESP chT Honor Division 2019"]
[Site "Melilla"]
[Date "2019.10.05"]
[Round "6.3"]
[White "Pap, Misa"]
[Black "Santos Ruiz, Miguel"]
[Result "0-1"]
[WhiteElo "2432"]
[BlackElo "2560"]
[Annotator "ChessBase"]
[PlyCount "118"]
[EventDate "2019.09.30"]
[EventType "team-tourn"]
[EventCountry "ESP"]
[SourceTitle "playchess.com"]
[Source "ChessBase"]
[SourceQuality "1"]
[TimeControl "40/5400+30:1800+30"]

1. e4 {[%emt 0:00:00]} c5 {[%emt 0:00:00]} 2. c3 {[%emt 0:00:00]} Nf6 {[%emt 0:00:00]} 3. e5 {[%emt 0:00:00]} Nd5 {[%emt 0:00:00]} 4. Nf3 {[%emt 0:00:21]} d6 {[%emt 0:00:00]} 5. d4 {[%emt 0:00:10]} cxd4 {[%emt 0:00:08]} 6. Bc4 {[%emt 0:00:34]} Nb6 {[%emt 0:00:08]} 7. Bb3 {[%emt 0:00:05]} Nc6 {[%emt 0:00:05]} 8. exd6 {[%emt 0:07:42]} Qxd6 {[%emt 0:00:22]} 9. O-O {[%emt 0:00:12]} Be6 {[%emt 0:00:13]} 10. Na3 {[%emt 0:01:26]} dxc3 {[%emt 0:00:39]} 11. Nb5 {[%emt 0:00:29]} Qxd1 {[%emt 0:00:09]} 12. Rxd1 {[%emt 0:00:04]} Rc8 {[%emt 0:00:12]} 13. Bxe6 {[%emt 0:00:06]} fxe6 {[%emt 0:00:03]} 14. bxc3 {[%emt 0:01:04]} Nc4 {[%emt 0:00:05]} 15. Ng5 {[%emt 0:02:44]} e5 {[%emt 0:00:28]} 16. a4 {[%emt 0:13:05]} h6 {[%emt 0:11:36]} 17. Ne4 {[%emt 0:04:24]} b6 {[%emt 0:01:15]} 18. h4 {[%emt 0:11:54]} g6 {[%emt 0:09:57]} 19. Rd3 {[%emt 0:14:28]} Bg7 {[%emt 0:03:34]} 20. Na3 {[%emt 0:12:13]} N6a5 {[%emt 0:12:48]} 21. Nxc4 {[%emt 0:01:23]} Nxc4 {[%emt 0:03:17]} 22. Kf1 {[%emt 0:01:05]} Rc7 {[%emt 0:05:10]} 23. Ke2 {[%emt 0:02:20]} Kf7 {[%emt 0:02:16]} 24. Bd2 {[%emt 0:09:49]} Rhc8 {[%emt 0:01:45]} 25. Be1 {[%emt 0:04:41]} Ke6 {[%emt 0:12:33]} 26. f3 {[%emt 0:00:39]} Nd6 {[%emt 0:12:00]} 27. a5 {[%emt 0:00:08]} Nxe4 {[%emt 0:01:56]} 28. fxe4 {[%emt 0:00:01]} Rc4 {[%emt 0:00:05]} 29. Re3 {[%emt 0:03:32]} b5 {[%emt 0:02:56]} 30. a6 {[%emt 0:00:00]} Ra4 {[%emt 0:00:48]} 31. Rb1 {[%emt 0:00:27]} Rb8 {[%emt 0:04:50]} 32. Bd2 {[%emt 0:02:20]} h5 {[%emt 0:01:54]} 33. Rg3 {[%emt 0:00:15]} Rxe4+ {[%emt 0:00:24]} 34. Kd3 {[%emt 0:01:01]} Rxh4 {[%emt 0:00:26]} 35. Rxg6+ {[%emt 0:00:01]} Bf6 {[%emt 0:00:06]} 36. Be3 Ra4 {[%emt 0:04:30]} 37. Bxa7 {[%emt 0:01:08]} Rd8+ {[%emt 0:00:13]} 38. Kc2 {[%emt 0:03:06]} Rxa6 {[%emt 0:02:18]} 39. Be3 {[%emt 0:00:25]} Ra2+ {[%emt 0:01:41]} 40. Kb3 {[%emt 0:00:15]} Re2 {[%emt 0:00:09]} 41. Bc5 {[%emt 0:32:21]} Kf5 {[%emt 0:34:01]} 42. Rg3 {[%emt 0:00:03]} Rdd2 {[%emt 0:00:56]} 43. Rh3 {[%emt 0:03:00]} Kg4 {[%emt 0:01:27]} 44. Re3 {[%emt 0:01:06]} Rxe3 {[%emt 0:02:54]} 45. Bxe3 {[%emt 0:00:00]} Rxg2 {[%emt 0:00:00]} 46. Kb4 {[%emt 0:00:00]} e4 {[%emt 0:00:00]} 47. Bd4 {[%emt 0:00:00]} Bxd4 {[%emt 0:00:00]} 48. cxd4 {[%emt 0:00:00]} h4 {[%emt 0:00:00]} 49. Kxb5 {[%emt 0:00:00]} h3 {[%emt 0:00:00]} 50. Kc6 {[%emt 0:00:00]} h2 {[%emt 0:00:00]} 51. Re1 {[%emt 0:00:00]} e3 {[%emt 0:00:00]} 52. Rxe3 {[%emt 0:00:00]} h1=Q {[%emt 0:00:00]} 53. Re4+ {[%emt 0:00:00]} Kh5 {[%emt 0:00:00]} 54. Rxe7 {[%emt 0:00:00]} Rg7+ {[%emt 0:00:00]} 55. Kd6 {[%emt 0:00:00]} Rxe7 {[%emt 0:00:00]} 56. Kxe7 {[%emt 0:00:00]} Qd5 {[%emt 0:00:00]} 57. Kf6 {[%emt 0:00:00]} Kh6 {[%emt 0:00:00]} 58. Ke7 {[%emt 0:00:00]} Kg6 {[%emt 0:00:00]} 59. Ke8 {[%emt 0:00:00]} Kf6 {[%emt 0:00:00]} 0-1

[Event "ESP chT Honor Division 2019"]
[Site "Melilla"]
[Date "2019.10.05"]
[Round "6.4"]
[White "Tejedor Fuente, Enrique"]
[Black "Suarez Real, Alberto"]
[Result "1-0"]
[WhiteElo "2453"]
[BlackElo "2460"]
[Annotator "ChessBase"]
[PlyCount "79"]
[EventDate "2019.09.30"]
[EventType "team-tourn"]
[EventCountry "ESP"]
[SourceTitle "playchess.com"]
[Source "ChessBase"]
[SourceQuality "1"]
[TimeControl "40/5400+30:1800+30"]

1. Nc3 {[%emt 0:00:00]} c5 {[%emt 0:05:07]} 2. Nf3 {[%emt 0:00:00]} Nc6 {[%emt 0:02:53]} 3. d4 {[%emt 0:00:19]} cxd4 {[%emt 0:00:36]} 4. Nxd4 {[%emt 0:00:05]} Nf6 {[%emt 0:04:45]} 5. Bg5 {[%emt 0:00:43]} Qa5 {[%emt 0:15:19]} 6. Bxf6 {[%emt 0:00:56]} gxf6 {[%emt 0:00:04]} 7. Nb3 {[%emt 0:02:35]} Qe5 {[%emt 0:05:36]} 8. Qd2 {[%emt 0:06:06]} e6 {[%emt 0:03:11]} 9. f4 {[%emt 0:00:09]} Qc7 {[%emt 0:07:01]} 10. e4 {[%emt 0:04:06]} Bb4 {[%emt 0:06:28]} 11. g3 {[%emt 0:00:02]} a6 {[%emt 0:03:35]} 12. a3 {[%emt 0:00:20]} Be7 {[%emt 0:00:19]} 13. O-O-O {[%emt 0:04:04]} d6 {[%emt 0:07:51]} 14. Bh3 {[%emt 0:01:04]} Bd7 {[%emt 0:01:50]} 15. f5 {[%emt 0:01:18]} O-O-O {[%emt 0:09:05]} 16. Qh6 {[%emt 0:01:44]} Rdg8 {[%emt 0:01:29]} 17. Ne2 {[%emt 0:00:18]} Na5 {[%emt 0:01:09]} 18. Nxa5 {[%emt 0:03:30]} Qxa5 {[%emt 0:00:03]} 19. Nf4 {[%emt 0:01:07]} Qe5 {[%emt 0:05:36]} 20. Qh5 {[%emt 0:11:06]} Rg7 {[%emt 0:00:25]} 21. Rhe1 {[%emt 0:16:05]} Kb8 {[%emt 0:01:26]} 22. Qf3 {[%emt 0:02:37]} Re8 {[%emt 0:14:03]} 23. Re3 {[%emt 0:01:22]} Rc8 {[%emt 0:01:05]} 24. Kb1 {[%emt 0:00:20]} Rc6 {[%emt 0:02:14]} 25. Rb3 {[%emt 0:03:07]} Rg8 {[%emt 0:00:27]} 26. Nd5 {[%emt 0:01:26]} Bd8 {[%emt 0:00:35]} 27. Nb4 {[%emt 0:00:01]} Rb6 {[%emt 0:00:24]} 28. Qh5 {[%emt 0:00:01]} Rf8 {[%emt 0:00:41]} 29. Qh6 {[%emt 0:00:30]} Be7 {[%emt 0:00:34]} 30. fxe6 {[%emt 0:02:10]} fxe6 {[%emt 0:00:02]} 31. Qxh7 {[%emt 0:00:07]} Re8 {[%emt 0:00:49]} 32. Nd3 {[%emt 0:00:45]} Qa5 {[%emt 0:00:08]} 33. Rxb6 {[%emt 0:02:25]} Qxb6 {[%emt 0:00:01]} 34. Qf7 {[%emt 0:00:03]} f5 {[%emt 0:01:35]} 35. exf5 {[%emt 0:00:20]} exf5 {[%emt 0:00:25]} 36. Re1 {[%emt 0:01:19]} Qd8 {[%emt 0:00:22]} 37. Bxf5 {[%emt 0:00:28]} Bb5 {[%emt 0:00:42]} 38. Bg6 {[%emt 0:01:01]} d5 {[%emt 0:00:34]} 39. Qh7 {[%emt 0:00:31]} Bxd3 {[%emt 0:00:29]} 40. cxd3 {[%emt 0:00:46]} 1-0

[Event "ESP chT Honor Division 2019"]
[Site "Melilla"]
[Date "2019.10.05"]
[Round "6.5"]
[White "Ortega Hermida, Daniel"]
[Black "Ubilava, Elizbar"]
[Result "1/2-1/2"]
[WhiteElo "2341"]
[BlackElo "2481"]
[Annotator "ChessBase"]
[PlyCount "60"]
[EventDate "2019.09.30"]
[EventType "team-tourn"]
[EventCountry "ESP"]
[SourceTitle "playchess.com"]
[Source "ChessBase"]
[SourceQuality "1"]
[TimeControl "40/5400+30:1800+30"]

1. e4 {[%emt 0:00:00]} c5 {[%emt 0:00:00]} 2. Nf3 {[%emt 0:00:04]} d6 {[%emt 0:00:00]} 3. d4 {[%emt 0:00:20]} cxd4 {[%emt 0:00:00]} 4. Nxd4 {[%emt 0:00:06]} Nf6 {[%emt 0:00:01]} 5. Nc3 {[%emt 0:00:07]} a6 {[%emt 0:00:15]} 6. Be3 {[%emt 0:01:07]} e6 {[%emt 0:00:20]} 7. f3 {[%emt 0:01:39]} h5 {[%emt 0:00:21]} 8. Qd2 {[%emt 0:14:27]} Be7 {[%emt 0:00:16]} 9. Bc4 {[%emt 0:10:06]} Nc6 {[%emt 0:03:44]} 10. Nxc6 {[%emt 0:11:26]} bxc6 {[%emt 0:00:19]} 11. O-O-O {[%emt 0:00:03]} d5 {[%emt 0:09:26]} 12. Bb3 {[%emt 0:00:29]} Bb7 {[%emt 0:04:17]} 13. Rhe1 {[%emt 0:06:52]} O-O {[%emt 0:04:29]} 14. Qf2 {[%emt 0:05:14]} Nd7 {[%emt 0:06:17]} 15. a3 {[%emt 0:12:27]} Qc7 {[%emt 0:04:09]} 16. Kb1 {[%emt 0:04:29]} Rac8 {[%emt 0:05:16]} 17. f4 {[%emt 0:07:53]} Nf6 {[%emt 0:04:28]} 18. h3 {[%emt 0:03:59]} c5 {[%emt 0:06:36]} 19. exd5 {[%emt 0:00:46]} c4 {[%emt 0:00:10]} 20. Bb6 {[%emt 0:01:45]} Bc5 {[%emt 0:00:46]} 21. Bxc5 {[%emt 0:04:57]} Qxc5 {[%emt 0:00:24]} 22. Qxc5 {[%emt 0:00:05]} Rxc5 {[%emt 0:00:07]} 23. Ba2 {[%emt 0:00:28]} Bxd5 {[%emt 0:11:06]} 24. g3 {[%emt 0:00:20]} Rb8 {[%emt 0:02:11]} 25. Rd4 {[%emt 0:00:48]} g6 {[%emt 0:00:48]} 26. Re5 {[%emt 0:00:56]} Rc7 {[%emt 0:01:30]} 27. Kc1 {[%emt 0:00:34]} Kg7 {[%emt 0:01:59]} 28. Re3 {[%emt 0:01:04]} Rc5 {[%emt 0:00:08]} 29. Re5 {[%emt 0:00:04]} Rc7 {[%emt 0:00:08]} 30. Re3 {[%emt 0:00:02]} Rc5 1/2-1/2

[Event "ESP chT Honor Division 2019"]
[Site "Melilla"]
[Date "2019.10.05"]
[Round "6.6"]
[White "Arabidze, Meri"]
[Black "Vega Gutierrez, Belinda"]
[Result "1-0"]
[WhiteElo "2398"]
[BlackElo "2152"]
[Annotator "TA"]
[PlyCount "93"]
[EventDate "2019.09.30"]
[EventType "team-tourn"]
[EventCountry "ESP"]
[SourceTitle "playchess.com"]
[Source "ChessBase"]
[SourceQuality "1"]

{[%evp 13,101,14,25,28,40,0,0,-6,-2,-8,0,-25,-10,-23,-10,-31,0,0,0,0,0,0,0,0,40,41,135,129,233,225,234,229,236,238,234,228,231,242,237,241,236,229,246,238,218,216,263,257,241,265,261,247,239,203,236,243,236,152,317,296,340,295,325,318,6631,6631,29965,5406,6399,547,29967,29968,1707,1283,29990,29991,29991,29979,29979,29980,29980,29979,29992,29993,29993,29991,29991,29992,29993,29990]} 1. d4 d5 2. c4 e6 3. Nf3 Nf6 4. Nc3 Be7 5. Bf4 O-O ({Predecessor:} 5... b6 6. e3 O-O 7. Rc1 a6 8. a3 c5 9. Bd3 Bb7 10. O-O Nbd7 11. Qe2 cxd4 12. exd4 dxc4 13. Bxc4 b5 {1-0 (38) Ris,R (2421)-Gazis,E (2266) Aghios Kirykos 2009}) 6. a3 dxc4 7. e3 a6 8. Bxc4 {D37: Queen's Gambit Declined: 5 Bf4} b5 9. Ba2 $146 (9. Bd3 Bb7 10. Qc2 Nbd7 11. Rd1 h6 12. O-O c5 13. dxc5 Bxc5 14. Ne5 Rc8 15. Nxd7 Nxd7 {½-½ (40) Jobava,B (2695)-Riazantsev,A (2660) Rijeka 2010}) 9... Bb7 10. Rc1 {The position is equal.} Nbd7 11. O-O c5 12. Qe2 cxd4 13. exd4 Rc8 14. Rfe1 b4 15. axb4 Bxb4 16. Red1 Nb6 17. Bg5 h6 18. Bh4 Qe7 19. Ne5 Bxc3 ({Black should play} 19... Rfe8 $14) 20. bxc3 $16 Nbd5 (20... g5 $16) 21. Bxd5 $1 $18 exd5 22. Bxf6 $1 gxf6 23. Qg4+ Kh7 {[#]} 24. Qf5+ $1 Kg7 25. Ng4 Qe6 26. Qf4 f5 27. Re1 Qg6 28. Ne3 Kh7 29. Nxf5 Qg5 30. Qf3 Rc6 {intending ...Rf6.} 31. h4 Qf6 32. Qd3 Kh8 33. Re5 Re6 34. Rce1 Bc8 35. h5 Rxe5 $2 (35... Rg8 $16 36. Ng3 a5) 36. Rxe5 Bxf5 37. Rxf5 $16 {[%mdl 4096] Endgame KQR-KQR} Qe6 38. Qf3 {aiming for Rf6!} a5 $2 {[#]} (38... Qe4 39. Qxe4 (39. Rxf7 $2 Qxf3 40. Rxf3 Rxf3 $19) 39... dxe4) 39. Rf6 $1 $18 Qe1+ {[#]} 40. Kh2 $1 Qc1 {[#]} 41. Qxd5 (41. Rg6 $142 $1 {[%mdl 512] White threatens Qf6+ and mate.} f6 (41... fxg6 42. Qxf8+) 42. Qxd5 Qf4+ 43. Kh3) 41... a4 {[#]} 42. Qd6 $1 Kg7 {[#]} 43. Rf4 $1 Rg8 44. Qf6+ {White mates.} Kh7 45. Qxf7+ Rg7 46. Qf5+ Kh8 {[#]} 47. Qe4 {Played: Qf5-e5} 1-0

[Event "ESP chT Honor Division 2019"]
[Site "Melilla"]
[Date "2019.10.05"]
[Round "6.7"]
[White "Bacrot, Etienne"]
[Black "Iturrizaga Bonelli, Eduardo"]
[Result "1-0"]
[WhiteElo "2671"]
[BlackElo "2629"]
[Annotator "TA"]
[PlyCount "51"]
[EventDate "2019.09.30"]
[EventType "team-tourn"]
[EventCountry "ESP"]
[SourceTitle "playchess.com"]
[Source "ChessBase"]
[SourceQuality "1"]

{[%evp 9,51,26,12,18,17,18,22,0,0,0,0,0,0,0,0,0,12,12,12,25,16,29,35,10,79,27,156,162,192,193,198,179,241,236,361,262,243,238,863,834,902,902,817,817]} 1. e4 c6 2. Nf3 d5 3. Nc3 Nf6 4. e5 Ne4 5. Ne2 Qb6 {[%csl Ge4][%cal Rb6f2]} 6. d4 {B11: Caro-Kann: Two Knights Variation} e6 7. Ng3 c5 8. Bd3 {The position is equal.} Nxg3 $1 9. fxg3 cxd4 10. O-O {And now Ng5 would win.} Nc6 (10... h6 11. a3 Nc6 12. b4 a6 13. g4 Be7 14. Qe1 Bd7 15. Rb1 Na7 16. Bb2 Nb5 17. Qf2 O-O 18. a4 Nc7 19. Bxd4 {1-0 (19) Vachier Lagrave,M (2774)-Wei,Y (2721) chess.com INT 2019}) 11. a3 $146 ({Predecessor:} 11. Qe2 h6 12. a3 Bd7 13. b4 {1-0 (44) Raja,H (2432)-Meyner,H (2204) Karlsruhe 2019}) 11... Bd7 12. b4 a6 13. Qe2 $36 {[%mdl 2048] Hoping for Ng5. White has some pressure.} h6 14. g4 g5 15. Bd2 Be7 16. Be1 {[%mdl 1024] White has compensation.} Rf8 (16... Qc7 $11) 17. Bg3 ({White should try} 17. Bf2 $16) 17... a5 (17... O-O-O $11 {keeps the balance.}) 18. b5 $16 Na7 {[%cal Rd7b5]} 19. a4 Bb4 20. Bf2 Bc5 {[#]} (20... Bc3 {might work better.}) 21. Nd2 $1 $18 Bb4 (21... Qc7 $142 22. Nb3 Bb6) 22. Nb3 Bc3 {[#]} 23. Qf3 $1 f6 $2 (23... Nc8 24. Qf6 Qc7) 24. Bg6+ {White is clearly winning.} Ke7 {[#]} 25. Qxc3 $1 {[%mdl 576] Double Attack, Pin} fxe5 (25... dxc3 26. Bxb6) 26. Qh3 {Accuracy: White = 75%, Black = 34%.} 1-0

[Event "ESP chT Honor Division 2019"]
[Site "Melilla"]
[Date "2019.10.05"]
[Round "6.8"]
[White "Vazquez Igarza, Renier"]
[Black "Naiditsch, Arkadij"]
[Result "1-0"]
[WhiteElo "2557"]
[BlackElo "2643"]
[Annotator "ChessBase"]
[PlyCount "49"]
[EventDate "2019.09.30"]
[EventType "team-tourn"]
[EventCountry "ESP"]
[SourceTitle "playchess.com"]
[Source "ChessBase"]
[SourceQuality "1"]
[TimeControl "40/5400+30:1800+30"]

1. Nf3 {[%emt 0:00:00]} c5 {[%emt 0:00:10]} 2. c4 {[%emt 0:00:09]} Nc6 {[%emt 0:00:11]} 3. Nc3 {[%emt 0:01:11]} g6 {[%emt 0:00:10]} 4. g3 {[%emt 0:01:02]} Bg7 {[%emt 0:00:09]} 5. Bg2 {[%emt 0:00:02]} d6 {[%emt 0:01:45]} 6. O-O {[%emt 0:01:41]} h5 {[%emt 0:00:58]} 7. e3 {[%emt 0:00:32]} Nh6 {[%emt 0:09:34]} 8. a3 {[%emt 0:07:51]} Bg4 {[%emt 0:10:09]} 9. h3 {[%emt 0:04:49]} Bd7 {[%emt 0:05:07]} 10. d4 {[%emt 0:01:07]} Qc8 {[%emt 0:01:07]} 11. Nd5 {[%emt 0:07:46]} Kf8 {[%emt 0:08:27]} 12. dxc5 {[%emt 0:15:44]} Bxh3 {[%emt 0:09:57]} 13. cxd6 {[%emt 0:01:28]} exd6 {[%emt 0:00:11]} 14. Nf4 {[%emt 0:05:50]} Bxg2 {[%emt 0:00:14]} 15. Kxg2 {[%emt 0:04:39]} Nf5 {[%emt 0:04:48]} 16. e4 {[%emt 0:04:00]} Nfd4 {[%emt 0:01:55]} 17. Nxd4 {[%emt 0:00:24]} Bxd4 {[%emt 0:00:07]} 18. Be3 {[%emt 0:11:36]} Bxb2 {[%emt 0:04:58]} 19. Qxd6+ {[%emt 0:00:10]} Kg7 {[%emt 0:00:12]} 20. Rad1 {[%emt 0:00:10]} Re8 {[%emt 0:10:21]} 21. Rh1 {[%emt 0:04:56]} Kg8 {[%emt 0:02:32]} 22. Nxg6 {[%emt 0:03:32]} Qg4 {[%emt 0:01:07]} 23. Nf4 {[%emt 0:10:16]} Ne5 {[%emt 0:11:02]} 24. Rxh5 {[%emt 0:02:10]} Re6 {[%emt 0:00:27]} 25. Qd8+ {[%emt 0:01:57]} 1-0

[Event "ESP chT Honor Division 2019"]
[Site "Melilla"]
[Date "2019.10.05"]
[Round "6.9"]
[White "Paehtz, Elisabeth"]
[Black "Quispe Arteaga, Gabriel"]
[Result "1-0"]
[WhiteElo "2489"]
[BlackElo "2404"]
[Annotator "ChessBase"]
[PlyCount "63"]
[EventDate "2019.09.30"]
[EventType "team-tourn"]
[EventCountry "ESP"]
[SourceTitle "playchess.com"]
[Source "ChessBase"]
[SourceQuality "1"]
[TimeControl "40/5400+30:1800+30"]

1. e4 {[%emt 0:00:00]} c5 {[%emt 0:00:06]} 2. Nf3 {[%emt 0:00:00]} Nc6 {[%emt 0:00:04]} 3. Bb5 {[%emt 0:00:00]} g6 {[%emt 0:00:28]} 4. Bxc6 {[%emt 0:00:00]} dxc6 {[%emt 0:00:06]} 5. d3 {[%emt 0:00:00]} Bg7 {[%emt 0:00:31]} 6. Nc3 {[%emt 0:00:14]} Bg4 {[%emt 0:04:31]} 7. h3 {[%emt 0:00:08]} Bxf3 {[%emt 0:00:17]} 8. Qxf3 {[%emt 0:00:03]} Nf6 {[%emt 0:00:35]} 9. Qe2 {[%emt 0:01:38]} O-O {[%emt 0:05:35]} 10. Be3 {[%emt 0:01:44]} Qb6 {[%emt 0:01:24]} 11. O-O {[%emt 0:03:57]} Nd7 {[%emt 0:03:39]} 12. Rab1 {[%emt 0:01:07]} Bd4 {[%emt 0:08:50]} 13. Bh6 {[%emt 0:02:13]} Rfe8 {[%emt 0:11:22]} 14. Kh1 {[%emt 0:01:11]} e6 {[%emt 0:02:00]} 15. Nd1 {[%emt 0:07:23]} f5 {[%emt 0:06:50]} 16. Ne3 {[%emt 0:16:23]} Ne5 {[%emt 0:08:58]} 17. Bf4 {[%emt 0:03:57]} Bxe3 {[%emt 0:06:36]} 18. Bxe3 {[%emt 0:00:53]} Qa5 {[%emt 0:04:15]} 19. Bd2 {[%emt 0:01:51]} Qd8 {[%emt 0:04:00]} 20. f4 {[%emt 0:04:15]} Nd7 {[%emt 0:00:30]} 21. Bc3 {[%emt 0:01:21]} Kf7 {[%emt 0:01:09]} 22. Rbe1 {[%emt 0:01:21]} Qh4 {[%emt 0:02:42]} 23. Rf3 {[%emt 0:03:02]} Nf6 {[%emt 0:02:20]} 24. Kg1 {[%emt 0:05:09]} Rad8 {[%emt 0:01:18]} 25. b3 {[%emt 0:03:26]} b6 {[%emt 0:00:13]} 26. Re3 {[%emt 0:10:33]} Nh5 {[%emt 0:03:35]} 27. Be5 {[%emt 0:00:30]} Nf6 {[%emt 0:00:30]} 28. a4 {[%emt 0:09:18]} Rd7 {[%emt 0:11:38]} 29. Bc3 {[%emt 0:02:01]} Nh5 {[%emt 0:00:30]} 30. exf5 gxf5 {[%emt 0:00:15]} 31. Rxe6 {[%emt 0:03:21]} Rg8 {[%emt 0:05:34]} 32. Rh6 {[%emt 0:01:44] Ke8} 1-0

[Event "ESP chT Honor Division 2019"]
[Site "Melilla"]
[Date "2019.10.05"]
[Round "6.10"]
[White "Suarez Uriel, Adrian"]
[Black "Franco Alonso, Alejandro"]
[Result "1-0"]
[WhiteElo "2392"]
[BlackElo "2384"]
[Annotator "ChessBase"]
[PlyCount "65"]
[EventDate "2019.09.30"]
[EventType "team-tourn"]
[EventCountry "ESP"]
[SourceTitle "playchess.com"]
[Source "ChessBase"]
[SourceQuality "1"]
[TimeControl "40/5400+30:1800+30"]

1. e4 {[%emt 0:00:00]} e5 {[%emt 0:00:14]} 2. Nf3 Nf6 {[%emt 0:00:06]} 3. d3 {[%emt 0:00:00]} Nc6 4. Be2 {[%emt 0:01:10]} Bc5 {[%emt 0:04:08]} 5. O-O d6 {[%emt 0:00:20]} 6. c3 {[%emt 0:01:03]} a6 7. Re1 {[%emt 0:16:22]} Ba7 {[%emt 0:02:33]} 8. Nbd2 O-O 9. h3 {[%emt 0:04:43]} Ne7 {[%emt 0:05:35]} 10. Nf1 {[%emt 0:01:26]} Ng6 {[%emt 0:00:26]} 11. Ng3 {[%emt 0:12:07]} Re8 {[%emt 0:03:48]} 12. Bf1 {[%emt 0:09:28]} h6 13. d4 {[%emt 0:02:28]} Bd7 {[%emt 0:10:13]} 14. Qc2 {[%emt 0:15:39]} Nh7 15. Be3 Ng5 {[%emt 0:25:36]} 16. Nxg5 {[%emt 0:02:35]} hxg5 {[%emt 0:00:05]} 17. Qd2 g4 {[%emt 0:08:21]} 18. hxg4 {[%emt 0:03:49]} Bxg4 {[%emt 0:00:12]} 19. Bg5 {[%emt 0:05:27]} Qd7 {[%emt 0:13:11]} 20. f3 {[%emt 0:08:35]} f6 21. fxg4 Qxg4 {[%emt 0:00:47]} 22. Bc4+ {[%emt 0:00:32]} Kh7 23. Nf5 fxg5 {[%emt 0:02:49]} 24. Re3 {[%emt 0:11:01]} exd4 {[%emt 0:00:28]} 25. cxd4 {[%emt 0:03:37]} Rxe4 {[%emt 0:15:55]} 26. Rxe4 {[%emt 0:00:30]} Qxf5 {[%emt 0:00:08]} 27. Bd3 {[%emt 0:00:00]} Qf6 {[%emt 0:02:09]} 28. Rf1 {[%emt 0:00:20]} Bxd4+ {[%emt 0:02:02]} 29. Kh1 {[%emt 0:01:56]} Rh8 {[%emt 0:02:55]} 30. g3 {[%emt 0:00:30]} Kg8+ {[%emt 0:00:30]} 31. Kg2 {[%emt 0:00:02]} Nf4+ {[%emt 0:01:49]} 32. gxf4 {[%emt 0:00:12]} gxf4 33. Re8+ {[%emt 0:01:25]} 1-0

[Event "ESP chT Honor Division 2019"]
[Site "Melilla"]
[Date "2019.10.05"]
[Round "6.11"]
[White "Gonzalez De La Torre, Santiago"]
[Black "Martin Duque, Jesus"]
[Result "1-0"]
[WhiteElo "2423"]
[BlackElo "2445"]
[Annotator "ChessBase"]
[PlyCount "94"]
[EventDate "2019.09.30"]
[EventType "team-tourn"]
[EventCountry "ESP"]
[SourceTitle "playchess.com"]
[Source "ChessBase"]
[SourceQuality "1"]
[TimeControl "40/5400+30:1800+30"]

1. e4 {[%emt 0:00:00]} c5 {[%emt 0:00:00]} 2. Nf3 {[%emt 0:00:00]} Nc6 {[%emt 0:00:00]} 3. d4 {[%emt 0:00:22]} cxd4 {[%emt 0:00:00]} 4. Nxd4 {[%emt 0:00:00]} Qb6 {[%emt 0:00:00]} 5. Nb3 {[%emt 0:00:07]} Nf6 {[%emt 0:00:00]} 6. Nc3 {[%emt 0:00:09]} e6 {[%emt 0:00:26]} 7. a3 {[%emt 0:01:23]} Be7 {[%emt 0:17:19]} 8. Bf4 {[%emt 0:00:13]} O-O {[%emt 0:10:46]} 9. Bd6 {[%emt 0:06:13]} e5 {[%emt 0:06:02]} 10. Bc4 {[%emt 0:14:02]} a5 {[%emt 0:09:11]} 11. O-O a4 12. Bxe7 {[%emt 0:06:15]} Nxe7 {[%emt 0:00:37]} 13. Nd2 {[%emt 0:01:59]} Rd8 {[%emt 0:12:32]} 14. Nf3 {[%emt 0:07:05]} Ra5 {[%emt 0:14:19]} 15. Qd3 {[%emt 0:00:55]} h6 {[%emt 0:02:45]} 16. Rad1 {[%emt 0:34:41]} d6 {[%emt 0:09:06]} 17. Nb5 {[%emt 0:00:09]} d5 {[%emt 0:00:16]} 18. Nxe5 {[%emt 0:07:40]} Re8 {[%emt 0:00:13]} 19. exd5 {[%emt 0:03:57]} Bf5 20. Qe3 Rxb5 {[%emt 0:01:24]} 21. Qxb6 {[%emt 0:00:37]} Rxb6 {[%emt 0:07:07]} 22. d6 {[%emt 0:00:00]} Ned5 {[%emt 0:00:30]} 23. d7 {[%emt 0:00:15]} Nxd7 {[%emt 0:00:03]} 24. Nxd7 {[%emt 0:00:57]} Bxd7 25. Rxd5 {[%emt 0:00:10]} Bc6 {[%emt 0:00:50]} 26. Rf5 {[%emt 0:00:22]} Re7 {[%emt 0:04:00]} 27. b4 {[%emt 0:00:27]} Be4 28. Re1 {[%emt 0:00:08]} Bxf5 {[%emt 0:02:18]} 29. Rxe7 {[%emt 0:01:31]} Bxc2 {[%emt 0:00:17]} 30. Rxf7 {[%emt 0:00:30]} Kh7 {[%emt 0:00:30]} 31. h3 {[%emt 0:01:59]} Bg6 {[%emt 0:02:27]} 32. Rf8 {[%emt 0:00:28]} h5 33. f4 {[%emt 0:01:34]} Be4 {[%emt 0:00:55]} 34. f5 {[%emt 0:01:33]} Rf6 {[%emt 0:01:23]} 35. Bg8+ {[%emt 0:00:30]} Kh6 {[%emt 0:00:30]} 36. Rxf6+ {[%emt 0:00:06]} gxf6 {[%emt 0:00:05]} 37. Be6 {[%emt 0:00:05]} Kg7 {[%emt 0:00:34]} 38. Kf2 {[%emt 0:00:06]} Kf8 {[%emt 0:00:16]} 39. g3 {[%emt 0:00:09]} Ke7 {[%emt 0:00:13]} 40. Ke3 {[%emt 0:00:07]} Bc2 41. Kf4 {[%emt 0:33:15]} Kd6 {[%emt 0:05:11]} 42. g4 {[%emt 0:00:00]} hxg4 {[%emt 0:01:02]} 43. h4 {[%emt 0:00:00]} Ke7 {[%emt 0:01:02]} 44. h5 {[%emt 0:00:00]} Kf8 {[%emt 0:00:01]} 45. Kxg4 {[%emt 0:00:00]} Bd1+ {[%emt 0:02:02]} 46. Kf4 {[%emt 0:00:00]} Bc2 {[%emt 0:00:30]} 47. Ke3 {[%emt 0:00:00]} Bd1 {[%emt 0:00:12]} 1-0